00722nam a2200169 a 450000100100000000500170001000800410002702000150006804000250008310000380010824501380014626000720028430000230035650400320037971000540041171000870046500004124520201002034726.0130930s2005 sp 000 0 spa d a8400079205 aDO-SdBNPbspacBNPHU1 aSánchez Román, José Antonio10aLa Dulce crisis :bestado, empresarios e industria azucarera en Tucumán, Argentina (1853-1914) /cJosé Antonio Sánchez Román. aMadrid :bConsejo Superior de Investigaciones Científicas,c2005. a383 p. : ;c24 cm. aBibliografía : p. 367-3832 aConsejo Superior de Investigaciones Científicas2 aEscuela de Estudios Hispano-Americanos (Sevilla, Andalusia) Universidad de Sevilla